Cyprus : 2009 Article IV Consultation; Staff Report; Public Information Notice on the Executive Board Discussion; and Statement by the Executive Director for Cyprus.

This 2009 Article IV Consultation highlights that despite its resilience so far, the economy of Cyprus is slowing down and risks are increasing. The expected slowdown will increase credit risk in banks, which, in some plausible but unlikely extreme scenarios, could have systemic implications given t...

Fuld beskrivelse

Bibliografiske detaljer
Institution som forfatter: International Monetary Fund
Format: Tidsskrift
Sprog:English
Udgivet: Washington, D.C. : International Monetary Fund, 2009.
Serier:IMF Staff Country Reports; Country Report ; No. 2009/255
Online adgang:Full text available on IMF
LEADER 01753cas a2200241 a 4500
001 AALejournalIMF005993
008 230101c9999 xx r poo 0 0eng d
020 |c 5.00 USD 
020 |z 9781451809978 
022 |a 1934-7685 
040 |a BD-DhAAL  |c BD-DhAAL 
110 2 |a International Monetary Fund. 
245 1 0 |a Cyprus :   |b 2009 Article IV Consultation; Staff Report; Public Information Notice on the Executive Board Discussion; and Statement by the Executive Director for Cyprus. 
264 1 |a Washington, D.C. :  |b International Monetary Fund,  |c 2009. 
300 |a 1 online resource (49 pages) 
490 1 |a IMF Staff Country Reports 
500 |a <strong>Off-Campus Access:</strong> No User ID or Password Required 
500 |a <strong>On-Campus Access:</strong> No User ID or Password Required 
506 |a Electronic access restricted to authorized BRAC University faculty, staff and students 
520 3 |a This 2009 Article IV Consultation highlights that despite its resilience so far, the economy of Cyprus is slowing down and risks are increasing. The expected slowdown will increase credit risk in banks, which, in some plausible but unlikely extreme scenarios, could have systemic implications given the size and concentration of the banking sector. Executive Directors have endorsed the government's objective to achieve a balanced budget over the medium term. Directors have also recommended the adoption of a medium-term budget framework and more effective management of public sector liabilities. 
538 |a Mode of access: Internet 
830 0 |a IMF Staff Country Reports; Country Report ;  |v No. 2009/255 
856 4 0 |z Full text available on IMF  |u http://elibrary.imf.org/view/journals/002/2009/255/002.2009.issue-255-en.xml  |z IMF e-Library